Tilastot visalle "Logia"-loppuisia sanoja

Klikkaa tästä pelataksesi tätä visaa!

Yleistilastot

  • Tätä visaa on pelattu 974 kertaa
  • Keskiarvotulos 7 / 20

Vastaustilastot

TutkimusalaLogia% Oikein
Elämä ja luonto{Bio}logia
83%
Ihmisen mieli{Psyko}logia
77%
Horoskoopit{Astro}logia
70%
Uskonto{Teo}logia
67%
Maapallo{Geo}logia
54%
Sää ja ilmakehä{Meteoro}logia
54%
Ympäristö{Eko}logia
35%
Hiukset ja kauneus{Kosmeto}logia
35%
Muinaiset kulttuurit{Arkeo}logia
34%
Sanojen alkuperät{Etymo}logia
31%
Vesi{Hydro}logia
31%
Ihmiset{Antropo}logia
29%
Maanjäristykset{Seismo}logia
29%
Linnut{Ornito}logia
27%
Yhteiskunta{Sosio}logia
23%
Maailmankaikkeus{Kosmo}logia
16%
Muinaiset elämänmuodot{Paleonto}logia
16%
Taudit{Pato}logia
15%
Kiina{Sino}logia
13%
Ulosteet{Skato}logia
4%

Tulosjakauma

Persentiili vastausten määrän mukaan

Jokaisen tuloksen saaneiden osuus

Tuloshistoriasi

Et ole pelannut tätä visaa